Т. 6 : Искусство второй половины XVIII века; История русского искусства

Bibliographic Details
Parent link:История русского искусства: В 12 т./ под ред. И. Э. Грабаря. Т. 6 : Искусство второй половины XVIII века.— , 1953-1964
Language:Russian
Published: 1961
Subjects:
Format: Book
KOHA link:https://koha.lib.tpu.ru/cgi-bin/koha/opac-detail.pl?biblionumber=21036

MARC

LEADER 00000nam2a2200000 4500
001 21036
005 20231101205410.0
035 |a (RuTPU)RU\TPU\book\21231 
035 |a BOOK00021301 
090 |a 21036 
100 |a 20011209d1961 km y0rusy50 ca 
101 0 |a rus 
102 |a RU 
105 |a a z 000zd 
200 0 |a Т. 6 : Искусство второй половины XVIII века 
210 |d 1961 
215 |a 494 с.  |c ил 
461 1 |0 (RuTPU)RU\TPU\book\67483  |t История русского искусства  |o В 12 т.  |f под ред. И. Э. Грабаря  |v Т. 6 : Искусство второй половины XVIII века  |d 1953-1964 
600 1 |a Баженов  |g Василий Иванович  |c русский архитектор  |f 1737-1799  |b В. И.  |2 stltpui  |3 (RuTPU)RU\TPU\pers\964 
600 1 |a Казаков  |b М. Ф.  |c русский архитектор  |f 1738-1812  |g Матвей Федорович  |2 stltpush  |3 (RuTPU)RU\TPU\pers\11952  |9 3060 
600 1 |a Старов  |b И. Е.  |c российский архитектор  |f 1745-1808  |g Иван Егорович  |2 stltpush  |3 (RuTPU)RU\TPU\pers\11953  |9 3061 
600 1 |a Шубин  |g Федот Иванович  |b Ф. И.  |c российский скульптор  |f 1740-1805  |2 stltpui  |3 (RuTPU)RU\TPU\pers\1373 
600 1 |a Фальконе  |b Э. М.  |c французский скульптор  |f 1716-1791  |g Этьен Морис  |2 stltpush  |3 (RuTPU)RU\TPU\pers\13324  |9 3979 
600 1 |a Гордеев  |b Ф. Г.  |c российский скульптор  |f 1744-1810  |g Федор Гордеевич  |2 stltpush  |3 (RuTPU)RU\TPU\pers\13325  |9 3980 
600 1 |a Козловский  |b М. И.  |c российский скульптор  |c рисовальщик  |f 1753-1802  |g Михаил Иванович  |2 stltpush  |3 (RuTPU)RU\TPU\pers\13326  |9 3981 
606 1 |a Искусство  |x История  |2 stltpush  |3 (RuTPU)RU\TPU\subj\13188  |9 39839 
610 1 |a искусство 
610 1 |a история 
610 1 |a изобразительное искусство 
610 1 |a русский классицизм 
610 1 |a классицизм 
610 1 |a скульптура 
610 1 |a архитектура 
610 1 |a 18 век 
675 |a 7.03  |v 3 
801 0 |a RU  |b 63413507  |c 20011209  |g PSBO 
801 2 |a RU  |b 63413507  |c 20221103  |g PSBO 
942 |c BK